| 000 | 00818nam a2200205 a 4500 | ||
|---|---|---|---|
| 003 | 0 | ||
| 005 | 20250605124728.0 | ||
| 008 | 021128s19uu xx 00 eng d | ||
| 050 |
_aPGS HQ 763.6.P5 _b.Ol45 2000 |
||
| 100 | _aOlegario, Junie Raisa P. | ||
| 245 |
_aA study on the awareness of SIS second year high school students on family planning / _cJunie Raisa P. Olegario |
||
| 260 |
_aLas PiƱas City, Philippines : _bSouthville International School and Colleges, _c2000. |
||
| 300 |
_a27 pages : _bcolored illustrations ; _c28 cm. |
||
| 504 | _aIncludes bibliographical references. | ||
| 650 |
_aFamily planning _vStudy and teaching. |
||
| 650 |
_aBirth control _vKnowledge, attitudes, practice. |
||
| 650 |
_aTeenagers _vHealth knowledge, attitudes, practice. |
||
| 650 | _aSex education. | ||
| 942 |
_2lcc _cPASS |
||
| 999 |
_c96406 _d96406 |
||